| 000 | 01167nam a22003377a 4500 | ||
|---|---|---|---|
| 003 | CHAP | ||
| 005 | 20220329134308.0 | ||
| 008 | 971013s1974 r 00010 d | ||
| 010 | _a18309 | ||
| 011 | _a19281 | ||
| 035 | _a23366 | ||
| 040 | _cCHAP | ||
| 082 |
_a333.7 _bJ8 |
||
| 100 | 0 | 0 |
_aJulich, Volker. _962327 |
| 245 | _aColonización como complemento de la reforma agraria en la selva peruana; el valle del Huallaga Central | ||
| 260 |
_aSantiago, Chile : _bInstituto Latinoamericano de Investigaciones Sociales, _c1974 |
||
| 300 | _a170 p | ||
| 490 |
_aEstudios y documentos _v; 30 |
||
| 590 |
_aBATCH-UPD _b10 _c20130110 _lUCH01 _h1117 |
||
| 590 |
_aBATCH-UPD _b10 _c20130410 _lUCH01 _h0708 |
||
| 590 |
_aBATCH-UPD _b10 _c20130914 _lUCH01 _h1010 |
||
| 590 |
_aCONVERSION _b10 _c20130109 _lUCH01 _h1311 |
||
| 650 | 1 | 4 |
_aColonización agrícola _xPerú. _925403 |
| 650 | 1 | 4 |
_aMigración interna. _975603 |
| 650 | 1 | 4 |
_aReforma agraria _xPerú. _995580 |
| 650 | 1 | 4 |
_aTierras _xTenencia _xPerú. _9113191 |
| 830 | 0 |
_aEstudios y documentos _v; 30 _938561 |
|
| 901 | _aBK | ||
| 942 | _cLIBRO | ||
| 949 |
_a333.7 J8 _bBC _cLIBRO _d33724000340899 _eLIBRO _h41565 _i23366 _mD _si |
||
| 999 |
_c18309 _d18309 |
||